Işık, ses ve elektrik / (Record no. 200459948)
[ view plain ]
| 000 -LEADER | |
|---|---|
| fixed length control field | 01267nam a22003857a 4500 |
| 001 - CONTROL NUMBER | |
| control field | 000753303 |
| 003 - CONTROL NUMBER IDENTIFIER | |
| control field | TR-AnTOB |
| 005 - DATE AND TIME OF LATEST TRANSACTION | |
| control field | 20240429125851.0 |
| 008 - FIXED-LENGTH DATA ELEMENTS--GENERAL INFORMATION | |
| fixed length control field | 240429b ||||| |||| 00| 0 tur d |
| 020 ## - INTERNATIONAL STANDARD BOOK NUMBER | |
| International Standard Book Number | 9789750505034 |
| 040 ## - CATALOGING SOURCE | |
| Original cataloging agency | TR-AnTOB |
| Language of cataloging | eng |
| Transcribing agency | TR-AnTOB |
| Description conventions | rda |
| 041 ## - LANGUAGE CODE | |
| Language code of text/sound track or separate title | Türkçe |
| 092 ## - LOCALLY ASSIGNED DEWEY CALL NUMBER (OCLC) | |
| Classification number | 500.2 POP 2007 |
| 245 00 - TITLE STATEMENT | |
| Title | Işık, ses ve elektrik / |
| Statement of responsibility, etc. | Kirsteen Rogers ...[ve başkaları] ; tasarım: Karen Tomlins ...[ve başkaları] ; dijital çizimler: Verinder Bhachu ; dijital görüntüler: Joanne Kirkby ; çeviren: Emel Güçlü. |
| 250 ## - EDITION STATEMENT | |
| Edition statement | 1. bsk |
| 260 ## - PUBLICATION, DISTRIBUTION, ETC. | |
| Place of publication, distribution, etc. | İstanbul : |
| Name of publisher, distributor, etc. | İletişim, |
| Date of publication, distribution, etc. | 2007. |
| 300 ## - PHYSICAL DESCRIPTION | |
| Extent | [64] Pages: |
| Other physical details | ill.; |
| Dimensions | 28 cm. |
| 336 ## - CONTENT TYPE | |
| Source | rdacontent |
| Content type term | text |
| Content type code | txt |
| 337 ## - MEDIA TYPE | |
| Source | rdamedia |
| Media type term | unmediated |
| Media type code | n |
| 338 ## - CARRIER TYPE | |
| Source | rdacarrier |
| Carrier type term | volume |
| Carrier type code | nc |
| 440 #0 - SERIES STATEMENT/ADDED ENTRY--TITLE | |
| Title | İletişim yayınları ; |
| Volume/sequential designation | 1230. |
| Name of part/section of a work | Popüler bilim kitapları ; 1 |
| 500 ## - GENERAL NOTE | |
| General note | Dizin vardır |
| 650 #4 - SUBJECT ADDED ENTRY--TOPICAL TERM | |
| Topical term or geographic name entry element | Elektrik |
| Topical term or geographic name entry element | Işık (Fizik) |
| Topical term or geographic name entry element | Ses (Fizik) |
| 653 ## - INDEX TERM--UNCONTROLLED | |
| Uncontrolled term | ışık ses ve elektrik |
| 700 1# - ADDED ENTRY--PERSONAL NAME | |
| Personal name | Rogers, Kirsteen |
| Personal name | Tomlins, Karen |
| Personal name | Bhachu, Verinder, |
| Relator term | res. |
| Personal name | Kirkby, Joanne, |
| Relator term | res |
| Personal name | Güçlü, Emel, |
| Relator term | çev. |
| 942 ## - ADDED ENTRY ELEMENTS (KOHA) | |
| Source of classification or shelving scheme | Dewey Decimal Classification |
| Koha item type | Book |
| Withdrawn status | Lost status | Source of classification or shelving scheme | Not for loan | Collection code | Home library | Current library | Shelving location | Date acquired | Total Checkouts | Full call number | Barcode | Date last seen | Date shelved | Koha item type |
|---|---|---|---|---|---|---|---|---|---|---|---|---|---|---|
| Dewey Decimal Classification | Ödünç Verilebilir / Available | College General Collection | TOBB ETÜ Koleji | TOBB ETÜ Koleji | College General Collection | 29/04/2024 | 500.2 POP 2007 | 200459948 | 29/04/2024 | 29/04/2024 | Book |
